| 000 | 00532cam a2200193ua 4500 | ||
|---|---|---|---|
| 020 | _c45.00 | ||
| 041 |
_aeng _h |
||
| 082 |
_a630.33 _bGUP/EC |
||
| 100 | _aGupta, Tirath . | ||
| 245 |
_aEconomics of trees versus annual crops on marginal agricultural lands / _cTirath Gupta. _hTextual Documents |
||
| 250 |
_a1 / _b. |
||
| 260 |
_aNew Delhi : _bOxford & IBH Publishing company , _c1982. |
||
| 300 | _a139 ; . | ||
| 365 | _a45.00 | ||
| 504 | _a | ||
| 700 | 1 | _aDeepinder, Mohan . | |
| 942 | _cBK | ||
| 999 |
_c7332 _d7332 |
||